000 00722nam a22002297a 4500
999 _c12595
_d12595
003 AR-CdUCM
008 190223b ||||| |||| 00| 0 spa d
020 _a978-9972-221-58-3
040 _aMUNICIPALIDAD PROVINCIAL DEL CUSCO
_cBIBLIOTECA MUNICIPAL DEL CUSCO
082 _aC / 985.019 /
_bP34
100 _aPease G. Y., Franklin
_91834
245 _aLos incas /
260 _aPerú :
_bFondo editorial del congreso del Perú, ,
_c2008.
300 _a36 páginas ;
_c30 cm.
500 _aTexto en Braille y en caracteres normales
505 _aContenido : Los incas
650 _aTawantinsuyu.
_91835
650 _aIncas
_9303
650 _aEconomia inca
_930506
942 _2ddc
_cLIBROS
945 _awnts
_d2019-04-09